[Reproducció de fotografies de l'edifici del Parlament de Catalunya]
Descripción Física:
principalment fot. ; 35 cm
Otros Autores:
Catalunya. Parlament Arxiu Mas (Barcelona)
MARC
| LEADER | 00000nam a2200000Ia 4500 | ||
|---|---|---|---|
| 001 | 22380 | ||
| 008 | 160829s1934 xx 000 0 cat d | ||
| 080 | |a R-12-104 | ||
| 245 | |a [Reproducció de fotografies de l'edifici del Parlament de Catalunya] | ||
| 260 | |a Barcelona : |b Arxiu Mas, |c 1934 | ||
| 300 | |a principalment fot. ; |c 35 cm | ||
| 590 | |a Inclou el plànol de la planta baixa i principal. | ||
| 590 | |a Núm. de full registral: 772 | ||
| 650 | |a Catalunya. Parlament |x Llibres de làmines |9 42232 | ||
| 700 | |a Catalunya. Parlament Arxiu Mas (Barcelona) |9 42233 | ||
| 901 | |a Arxiu | ||
| 942 | |n 1 | ||
| 952 | |0 0 |1 0 |4 0 |6 R12104 |7 1 |9 50717 |a Arxiu |b Arxiu |d 2016-12-01 |l 0 |o R-12-104 |p 22380 |r 2016-12-01 00:00:00 |w 2016-12-01 |y ARXIU | ||
| 999 | |c 54559 |d 54559 | ||